000 00622nam a2200157Ia 4500
008 151213s9999 xx 000 0 und d
020 _a984-8491-00-8
100 _aমুহাম্মদ মাহবুব আলী ।ঙ
245 _aব্যাংককে ভালোবাসা।
_cমুহাম্মদ মাহবুব আলী ।ঙ
260 _aঢাকা
_bফ্রেন্ডস পাবলিকেশন্স।
_c2004
300 _a8452 p.
650 _aBangla
650 _aBengali Literature
700 _aমুহাম্মদ মাহবুব আলী ।ঙ
999 _c4290
_d4290